| 000 | 00911nam a22001937a 4500 | ||
|---|---|---|---|
| 999 |
_c62012 _d62012 |
||
| 003 | Ge_BSU | ||
| 005 | 20240621161440.0 | ||
| 008 | 240621s1961 ge ||||| |||| 00| 0 geo d | ||
| 041 | _ageo | ||
| 080 | _a617(479.22)(092) კ-71 | ||
| 100 |
_aკომახიძე, მ. _922270 |
||
| 245 |
_aგრიგოლ მუხაძე : _b ცხოვრება და მოღვაწეობა / _cმ. კომახიძე; საქ. სსრ მეცნ. აკადემია. |
||
| 264 |
_aთბ. : _bსაქ. სსრ მეცნ. აკად. გამ-ბა, _c1961. |
||
| 300 |
_a413 გვ. : _b20 ფ. ილ. და პორტრ. ; _c22 სმ. |
||
| 653 | _aმუხაძე, გრიგოლ | ||
| 653 | _aქართველი ქირურგები | ||
| 700 |
_aჩაჩანიძე, ა. _eავტორი _922535 |
||
| 942 |
_2udc _cᲬᲘᲒᲜᲘ |
||